000 00870nam a2200253Ia 4500
003 OSt
005 20220923222301.0
006 a|||||r|||| 00| 0
007 ta
008 220922b |||||||| |||| 00| 0 hin d
024 _a204,240
037 _cTextual
040 _aARTS
_cARTS
_bhin
041 _2hin
_ahin
082 _aO155,1D10,1:g, 152M2
100 _aहरिराम
245 0 _aमहाकवि हाल और गाहासत्तसईः एक समालोचक अध्ययन
246 _ahinākavi hāl aur gāhāsattasaīah ek samālochak adhyayana
260 _aजयपुर
_b शरण बुक डिपो
_c1982
300 _a236पृ.
_ccm.
650 _aमराठी साहित्य
942 _hO155,1D10,1:g, 152M2
_cTEXL
_2CC
999 _c354989
_d354989